|
|
|
|
| LEADER |
00000nam a2200000Ia 4500 |
| 090 |
|
|
|a 13.09.09 386
|
| 110 |
|
|
|a Universidad de Costa Rica. Oficina de Planificación Universitaria
|
| 245 |
|
|
|a Perfil del funcionario docente universitario
|
| 260 |
|
|
|a San José, Costa Rica :
|b La Universidad,
|c 1992
|
| 300 |
|
|
|a 87 páginas
|
| 500 |
|
|
|a Serie de Diagnósticos
|
| 610 |
|
|
|a UNIVERSIDAD DE COSTA RICA
|
| 650 |
|
|
|a DOCENTES
|
| 650 |
|
|
|a PERFIL PROFESIONAL
|
| 650 |
|
|
|a EDUCACION SUPERIOR
|
| 650 |
|
|
|a FORMACION DE DOCENTES
|
| 650 |
|
|
|a CONTRATACION DE DOCENTES
|
| 650 |
|
|
|a SITUACION DE LOS DOCENTES
|
| 650 |
|
|
|a PERFIL ACADEMICO
|
| 650 |
|
|
|a PERFIL DEL DOCENTE
|
| 942 |
|
|
|i 00600
|h 13.09.09 386
|p 00600
|
| 999 |
|
|
|c 2101
|d 2101
|